LEADER 01064nam0-2200337---450- 001 990005654120403321 005 20071127120348.0 035 $a000565412 035 $aFED01000565412 035 $a(Aleph)000565412FED01 035 $a000565412 100 $a19990604d1924----km-y0itay50------ba 101 1 $alat$cita 102 $aIT 105 $ay-------001cy 200 1 $aEtica$fBenedetto Spinoza$gparti 1. e 2. ed estratti dalle parti 3., 4. e 5. con introduzione commento e nota bibliografica a cura di Augusto Guzzo 210 $aFirenze$cVallecchi$d1924 215 $a230 p.$d20 cm 225 1 $aTesti filosofici commentati 610 0 $aSpinoza, Benedictus : de 676 $a199.492$v21$zita 676 $a170$v21$zita 700 1$aSpinoza,$bBenedictus de$f<1632-1677>$0290685 702 1$aGuzzo,$bAugusto 801 0$aIT$bUNINA$gRICA$2UNIMARC 901 $aBK 912 $a990005654120403321 952 $aP.1 6V SPIN 9$bIst. st. fil. 2006$fFLFBC 959 $aFLFBC 996 $aEthica ordine geometrico demonstrata$917667 997 $aUNINA LEADER 01051nam a2200265 i 4500 001 991000278459707536 005 20020506124511.0 008 940607s1980 it ||| | ita 020 $a8822229908 035 $ab10678505-39ule_inst 035 $aEXGIL142814$9ExL 040 $aBiblioteca Interfacoltà$bita 100 1 $aMorselli, Chiara$0214616 245 10$aSutrium /$cChiara Morselli ; lavoro eseguito e pubblicato con il contributo del C.N.R 260 $aFirenze :$bL. S. Olschki,$c1980 300 $a161 p. :$bill., 2 c. geogr. ;$c34 cm. 490 0 $aForma Italiae ;$vRegio 7. vol. 7. 500 $aIn testa al front.: Unione accademica nazionale. Istituto di topografia antica dell'Università di Roma. 650 4$aSutri$xTopografia 907 $a.b10678505$b23-02-17$c28-06-02 912 $a991000278459707536 945 $aLE002 Fondo Brown 345$g1$iLE002-6722N$lle002$o-$pE0.00$q-$rn$so $t0$u0$v0$w0$x0$y.i10771840$z28-06-02 996 $aSutrium$9755372 997 $aUNISALENTO 998 $ale002$b01-01-94$cm$da $e-$fita$git $h0$i1